000
00291nam a22001097a 4500
008
170120b xxu||||| |||| 00| 0 eng d
020
_a
9780803604711
041
_a
eng
080
_a
618.2
245
_a
ADULT AND FAMILY NURSE PRACTITIONER CERTIFICATION EXAMINATIO
_c
BROWN, J.E
942
_2
udc
_c
BK
999
_c
3243
_d
3243